[Event "US-ch Open 2018"]
[Site "Saint Louis"]
[Date "2018.04.25"]
[Round "7"]
[White "Lenderman, Aleksandr"]
[Black "Onischuk, Alexander"]
[Result "1-0"]
[WhiteElo "2599"]
[BlackElo "2672"]
[Annotator "TA"]
[PlyCount "85"]
[EventDate "2018.??.??"]
[EventType "tourn"]
[EventCountry "USA"]
[SourceTitle "playchess.com"]
[Source "ChessBase"]
[SourceQuality "1"]

{[%evp 14,85,-2,-8,0,-8,0,0,7,0,1,-19,-16,-43,-38,-47,-40,-39,0,-13,-7,-12,5,9,14,-4,28,28,31,34,27,18,39,16,10,6,14,6,25,15,14,14,16,0,15,22,30,41,18,31,89,61,143,143,159,144,145,147,212,193,206,206,210,228,289,286,291,288,279,283,420,413,542,512]} 1. c4 e5 2. Nc3 Nf6 3. Nf3 Nc6 4. e4 Bb4 5. d3 d6 6. h3 {A28: English Opening: Four Knights Variation} (6. a3 Bxc3+ 7. bxc3 Ne7 8. g3 Ng6 9. h4 Bg4 10. Be2 Qd7 11. Rb1 b6 12. Bg5 h5 13. Bxf6 gxf6 {½-½ (37) Cornette,M (2611)-Liang,A (2572) chess.com INT 2018}) 6... O-O 7. g3 Nd4 8. Bg2 {LiveBook: 3 Games. The position is equal.} Nxf3+ 9. Qxf3 c6 10. O-O a6 11. Be3 $146 ({Predecessor:} 11. Ne2 Bc5 12. Rb1 a5 13. Be3 Be6 14. Bxc5 dxc5 15. Qe3 Nd7 {½-½ (29) Savenko,A (2255)-Averkin,O (2425) Krasnodar 1997}) 11... b5 12. cxb5 axb5 13. a3 Bxc3 14. bxc3 Ra4 15. Rfb1 Re8 16. Rb4 Qa5 17. Rxa4 Qxa4 18. Qd1 Be6 19. c4 Qxd1+ 20. Rxd1 Ra8 21. cxb5 cxb5 22. d4 h6 23. dxe5 dxe5 24. Bc5 Rc8 25. Bb4 Bb3 26. Rd2 Rc1+ 27. Kh2 Kh7 28. f3 Bc4 29. h4 Be6 30. Bh3 Bxh3 31. Kxh3 $14 {[%mdl 4096] Endgame KRB-KRN} Rc7 (31... Nh5 $1 $14) 32. Rd8 Rb7 ({Black should play} 32... g5 $1 $14) 33. g4 $1 $16 Rb6 34. Kg3 Rb7 35. Kf2 Kg6 (35... Nd7 $16 {might work better.} 36. Re8 g5) 36. h5+ $18 Kh7 {[#]} 37. Ke2 $1 g6 38. Rd6 Kg7 {[#]} 39. hxg6 $1 fxg6 40. Re6 Kf7 41. Rxe5 h5 (41... Ne8 $142 42. f4 Nf6) 42. g5 Ne8 43. f4 {Precision: White = 67%, Black = 41%.} 1-0

[Event "US-ch Open 2018"]
[Site "Saint Louis"]
[Date "2018.04.25"]
[Round "7"]
[White "Liang, Awonder"]
[Black "Robson, Ray"]
[Result "1/2-1/2"]
[WhiteElo "2552"]
[BlackElo "2660"]
[Annotator "TA"]
[PlyCount "143"]
[EventDate "2018.??.??"]
[EventType "tourn"]
[EventCountry "USA"]
[SourceTitle "playchess.com"]
[Source "ChessBase"]
[SourceQuality "1"]

{[%evp 25,143,29,23,37,29,51,58,64,142,33,91,38,52,38,58,44,76,20,28,29,79,41,41,32,67,67,65,67,54,47,48,65,66,36,152,85,93,52,107,76,130,119,160,140,154,151,151,151,147,155,142,136,142,117,118,112,118,0,125,125,150,120,112,109,115,61,52,56,54,41,38,32,64,60,72,64,100,93,93,97,93,90,87,87,87,87,96,-62,72,72,139,110,102,71,69,72,72,38,40,20,29,0,49,27,31,0,0,8,8,0,0,0,0,0,0,0,0,0,0,0]} 1. e4 e5 2. Nf3 Nc6 3. Bb5 Nf6 4. d3 d6 5. O-O Bd7 6. c3 g6 7. Re1 Bg7 8. Nbd2 O-O 9. Ba4 {C66: Ruy Lopez: Steinitz Defence} Nh5 10. Nf1 Kh8 11. Bb3 (11. h3 f5 12. exf5 gxf5 13. d4 e4 14. Ng5 Nf6 15. d5 Ne5 16. Bxd7 Qxd7 {1-0 (42) Caruana,F (2804)-Kramnik,V (2812) Paris 2016}) 11... Qe8 12. Ne3 f5 13. exf5 gxf5 {LiveBook: 4 Games} 14. Nd5 Rc8 15. d4 e4 16. Ng5 Na5 (16... Nf6 $14) 17. Bc2 $146 (17. Nxc7 $1 $16 Rxc7 18. Bf7 $1 {[%mdl 512]} Rxf7 19. Qxh5) 17... c6 (17... Nf6 $14 18. Nf4 h6) 18. Nf4 (18. Bxe4 $1 $16 fxe4 19. Rxe4 cxd5 20. Rxe8 Rcxe8 21. Nxh7) 18... Nf6 19. b3 b6 20. Ba3 Nb7 21. f3 (21. Bd3 $16) 21... h6 22. Ngh3 c5 23. dxc5 dxc5 24. c4 Bc6 25. Bb2 Qf7 26. fxe4 fxe4 27. Qe2 Nd6 28. Rad1 Rcd8 29. Kh1 Nfe8 (29... Nf5 $14) 30. Bxg7+ (30. Rf1 $142 $1 Nf6 31. Nd5 Bxd5 32. Rxd5 (32. cxd5 Qh5 $14)) 30... Nxg7 $16 31. Qg4 {aiming for Ng6+.} Kh7 (31... Rfe8 $14) 32. Nd5 {And now Rxe4 would win.} Bxd5 (32... Ngf5 $142) 33. Rxd5 Qe6 34. Qh4 ({Don't take} 34. Bxe4+ $6 Nxe4 35. Qxe4+ Qxe4 $11) 34... Kh8 35. Bxe4 Rde8 {[#]} 36. Re5 $1 {[%cal Re5e6]} Qf6 37. Qxf6 Rxf6 38. Rxe8+ Ngxe8 39. Bc6 Nc7 40. Re7 Rf7 41. Re1 Rf6 $1 42. Bf3 Ne6 43. Nf2 Nd4 44. Ng4 Nxf3 45. Re3 ({White should play} 45. Re7 $16 Rf7 46. Rxf7 Nxf7 47. gxf3) 45... Rf4 $14 46. gxf3 {[%mdl 4096] Endgame KRN-KRN} Nf5 47. Re8+ Kg7 48. Kg2 Rd4 49. Kf2 Rd3 50. Re5 Nd4 51. Re7+ Kf8 52. Rxa7 {Ne5 is the strong threat.} Rxf3+ 53. Kg2 Rf5 54. Nxh6 Rg5+ 55. Kf2 Rg6 56. Rf7+ Ke8 {[%mdl 1024] Black has compensation.} 57. Rh7 Rf6+ {[#]} ({Black should try} 57... Re6) 58. Kg2 $1 $16 Re6 59. Ng4 {Threatens to win with Kg3.} Re2+ 60. Kg3 {Hoping for Ra7.} Rxa2 61. Nf6+ Kf8 62. Nd7+ Kg8 63. Nf6+ Kf8 64. Rb7 Nxb3 65. h4 {Threatening Nd7+.} Na5 {The position is equal.} 66. Rxb6 {next h5 is good for White.} Nxc4 67. Rc6 Ne5 68. Rxc5 Ra3+ 69. Kg2 Ra2+ 70. Kg3 Ra3+ 71. Kg2 Ra2+ 72. Kg3 {Precision: White = 47%, Black = 55%.} 1/2-1/2

[Event "US-ch Open 2018"]
[Site "Saint Louis"]
[Date "2018.04.26"]
[Round "8"]
[White "Nakamura, Hikaru"]
[Black "Shankland, Samuel"]
[Result "1/2-1/2"]
[WhiteElo "2787"]
[BlackElo "2671"]
[Annotator "TA"]
[PlyCount "75"]
[EventDate "2018.??.??"]
[EventType "tourn"]
[EventCountry "USA"]
[SourceTitle "playchess.com"]
[Source "ChessBase"]
[SourceQuality "1"]

{[%evp 11,75,-3,-8,-14,0,0,0,0,0,-18,-18,-33,-13,-14,0,-15,-9,-42,-12,-23,-25,-28,-24,-31,-14,-30,-23,-75,-75,-105,-94,-118,-104,-125,-100,-155,-101,-110,-16,-32,-26,-97,-26,-28,-27,-35,-48,-148,-118,-120,-90,-87,-97,-107,-102,-95,-110,-95,0,0,0,0,0,0,0,0]} 1. b3 e5 2. Bb2 Nc6 3. e3 Nf6 4. Bb5 e4 5. f3 a6 6. Bxc6 {A01: Nimzowitsch-Larsen Opening} dxc6 {LiveBook: 3 Games} 7. Qe2 $146 ({Predecessor:} 7. fxe4 Nxe4 8. Nf3 Bd6 9. d3 Ng5 10. O-O Bg4 11. Nbd2 O-O 12. Qe1 Nxf3+ 13. Nxf3 {½-½ (79) Mamedyarov,S (2799)-Harikrishna,P (2744) Huaian 2017}) 7... Bf5 8. fxe4 Bxe4 9. d3 $1 {[%cal Rd3e4]} Bg6 10. Nc3 Bc5 11. O-O-O Qe7 12. e4 Ba3 13. g4 a5 {[%cal Ba6a5,Ba5a4][%mdl 32]} 14. g5 Nh5 15. Qe3 O-O 16. Nge2 b5 17. Bxa3 Qxa3+ 18. Kb1 $1 a4 19. Nc1 (19. Nd4 $11) 19... Rfb8 $17 20. Rhe1 c5 {[%cal Bc6c5,Bc5c4][%mdl 32]} 21. Ka1 axb3 22. cxb3 {[#]} c4 $1 {[%mdl 512] ...cxb3 is the strong threat.} 23. Nb1 (23. Rd2 $142) (23. bxc4 Qxc3+) 23... Qa6 (23... Qa5 $142 24. Qd2 Qb6) 24. Rd2 f5 (24... Qe6 $17 {And now ...cxb3 would win.} 25. Rb2 c6) 25. exf5 $11 Bxf5 26. b4 (26. Nc3 $11 {remains equal.} Bg6 27. Nd5) 26... Qg6 (26... Bg6 $17 27. Qc5 cxd3) 27. Rf1 c6 $36 {[%mdl 2048] Black has some pressure.} 28. Nc3 Re8 29. Qf3 (29. Qc5 $1 $15 Bxd3 30. Nxd3 cxd3 31. Rf3) 29... Bxd3 30. Nxd3 Rf8 31. Qd1 cxd3 32. Rxf8+ Rxf8 33. Rxd3 Qxg5 34. Rd6 Qf4 (34... Rf6 $17 35. Qb3+ (35. Rd8+ Kf7 $15) 35... Kf8 36. Rd8+ Ke7) 35. Rxc6 {The position is equal.} Qxb4 36. Qd5+ Kh8 37. Qxb5 Qf4 38. Qc5 {Precision: White = 54%, Black = 56%.} 1/2-1/2

[Event "US-ch Open 2018"]
[Site "Saint Louis"]
[Date "2018.04.26"]
[Round "8"]
[White "So, Wesley"]
[Black "Caruana, Fabiano"]
[Result "1/2-1/2"]
[WhiteElo "2786"]
[BlackElo "2804"]
[Annotator "TA"]
[PlyCount "92"]
[EventDate "2018.??.??"]
[EventType "tourn"]
[EventCountry "USA"]
[SourceTitle "playchess.com"]
[Source "ChessBase"]
[SourceQuality "1"]

{[%evp 13,92,20,46,11,13,16,15,4,5,10,6,11,7,4,9,0,0,0,15,0,6,0,0,0,0,0,0,0,0,0,0,-8,-14,-10,-12,-15,-14,-15,-5,-15,-10,-36,-10,-15,0,0,0,0,0,0,0,0,0,0,0,0,0,0,0,0,0,0,0,0,0,0,0,0,0,0,0,0,0,0,0,0,0,0,0,0,0]} 1. e4 e5 2. Nf3 Nf6 3. Nxe5 d6 4. Nf3 Nxe4 5. Bd3 d5 6. O-O {C42: Petroff Defence: 3 Nxe5 and unusual White 3rd moves} Be7 7. Re1 Nd6 {LiveBook: 10 Games} 8. c3 $146 {White is slightly better.} (8. Nc3 {seems wilder.} c6 9. Qe2 Nd7 10. b4 Nf8 11. b5) ({Predecessor:} 8. Nc3 c6 9. Qe2 Bg4 10. b3 Bxf3 11. Qxf3 O-O 12. Ba3 Nc8 {½-½ (55) Movsesian,S (2747)-Harikrishna,P (2686) Sarajevo 2009}) 8... O-O 9. Bc2 c6 10. d4 Bf5 11. Bf4 {Bxd6 is the strong threat.} Bxc2 12. Qxc2 Na6 13. Nbd2 Nc7 14. Re2 Re8 15. Rae1 Bf8 16. Ne5 (16. Rxe8 {is more complex.} Ndxe8 17. Nf1 Ne6 18. Be5 Nd6 19. Ne3) 16... Qf6 17. Bg3 Qf5 18. Qxf5 Nxf5 19. Nd3 Nxg3 20. hxg3 f6 21. g4 Kf7 22. Nf3 Rxe2 23. Rxe2 Ne6 24. g3 a5 25. Kg2 a4 26. Re1 Re8 27. Rh1 h6 (27... a3 {looks sharper.} 28. Rb1 axb2 29. a4 Ra8 30. Rxb2 Nd8) 28. Re1 {The position is equal.} Nc7 29. Rxe8 Kxe8 $11 {[%mdl 4096] Endgame KBN-KNN} 30. Ng1 b6 31. b3 axb3 32. axb3 g5 33. Ne2 Kd7 34. Kf1 Ke6 35. f3 Nb5 36. Nb2 Bd6 37. Kf2 Bc7 38. Nd1 Nd6 39. Ne3 f5 40. gxf5+ Nxf5 41. Nxf5 Kxf5 {KB-KN} 42. g4+ Ke6 43. Ke3 b5 44. Kf2 Bd6 45. b4 Bf4 46. Nxf4+ gxf4 {Precision: White = 68%, Black = 78%.} 1/2-1/2

[Event "US-ch Open 2018"]
[Site "Saint Louis"]
[Date "2018.04.26"]
[Round "8"]
[White "Onischuk, Alexander"]
[Black "Xiong, Jeffery"]
[Result "1/2-1/2"]
[WhiteElo "2672"]
[BlackElo "2665"]
[Annotator "TA"]
[PlyCount "60"]
[EventDate "2018.??.??"]
[EventType "tourn"]
[EventCountry "USA"]
[SourceTitle "playchess.com"]
[Source "ChessBase"]
[SourceQuality "1"]

{[%evp 22,60,0,0,25,23,25,25,23,23,23,17,18,20,23,22,22,22,25,19,19,22,25,15,20,20,18,0,11,10,15,0,13,0,0,0,9,0,0,0,10]} 1. d4 Nf6 2. c4 g6 3. Nc3 d5 4. cxd5 Nxd5 5. e4 Nxc3 6. bxc3 Bg7 7. Qa4+ Qd7 {D85: Exchange Grünfeld: Unusual White 7th moves and lines with 7 Nf3} 8. Bb5 (8. Qb3 O-O 9. Nf3 c5 10. Be3 b6 11. Rd1 Qc7 12. Be2 Nd7 13. e5 e6 14. h4 Bb7 15. h5 {½-½ (55) Nakamura,H (2781)-Vachier Lagrave,M (2793) Caleta 2018}) 8... c6 9. Be2 O-O 10. Qa3 b6 11. Nf3 c5 12. O-O {LiveBook: 17 Games} Bb7 {[%cal Rc5d4]} 13. d5 e6 14. Be3 exd5 15. Rad1 Nc6 $146 16. exd5 {[#] And now Bb5 would win.} Ne7 17. c4 Nf5 18. Bf4 Rfe8 19. Bd3 Nd4 20. Nxd4 Bxd4 21. Rb1 Qg4 22. Qc1 Bc8 {The position is equal.} 23. Qd2 Bd7 24. Rbe1 Bc3 25. Qxc3 Qxf4 26. Qa3 Qg5 {Hoping for ...Bh3.} 27. Be4 Qf4 28. Bd3 Qg5 {Threatens to win with ...Bh3.} 29. Be4 Qf4 30. Bd3 Qg5 {Precision: White = 56%, Black = 75%.} 1/2-1/2

[Event "US-ch Open 2018"]
[Site "Saint Louis"]
[Date "2018.04.26"]
[Round "8"]
[White "Robson, Ray"]
[Black "Akobian, Varuzhan"]
[Result "1-0"]
[WhiteElo "2660"]
[BlackElo "2647"]
[Annotator "TA"]
[PlyCount "287"]
[EventDate "2018.??.??"]
[EventType "tourn"]
[EventCountry "USA"]
[SourceTitle "playchess.com"]
[Source "ChessBase"]
[SourceQuality "1"]

{[%evp 22,286,39,25,38,33,58,8,7,0,-1,-10,18,14,31,30,35,28,24,-14,39,41,48,55,72,53,66,-44,57,35,66,0,0,0,0,-13,0,0,0,0,0,0,0,0,0,0,0,0,0,0,0,-1,0,0,0,0,0,0,0,0,0,0,7,4,4,0,0,-8,0,0,0,0,0,0,0,0,0,0,0,0,90,90,90,90,91,91,94,88,80,79,72,77,88,76,91,8,17,8,139,144,827,447,1516,1369,1029,8,5726,8,8,8,8,8,8,8,8,8,8,0,8,8,8,8,8,8,8,8,8,8,8,8,8,0,8,8,8,0,8,8,8,8,8,0,8,8,8,0,8,0,8,8,19,19,19,19,32,32,123,111,413,1513,1250,413,1285,1349,4120,4116,1932,1132,1154,1012,858,993,493,413,420,417,11663,11694,12286,11052,8505,8505,3419,1301,29936,29943,29943,29944,29945,29945,29947,29947,29950,29950,29946,12849,5650,0,11740,5619,4828,4133,1980,866,29964,29965,29963,29967,29967,29968,29968,29969,29969,29970,29970,29971,29974,29975,29975,29974,29975,29976,29977,29973,29976,29978,29977,29977,29979,29977,29977,29979,29981,29980,29982,4137,29983,29984,29984,29985,29985,29986,29987,29988,29988,29989,29989,29990,29990,29991,29991,29990,29992,29993,29993,29994,29994,29995,29995,29996,29996,29997,29997,29998,29998,29999,29999]} 1. e4 e6 2. d4 d5 3. Nc3 Nf6 4. e5 Nfd7 5. f4 c5 6. Nf3 Nc6 7. Be3 Qb6 8. Na4 Qa5+ 9. c3 c4 10. b4 Qc7 11. Be2 Be7 12. O-O O-O {C11: French: Classical System: 4 e5 and 4 Bg5 dxe4} 13. Qd2 (13. Qc2 b5 14. Nc5 Nxc5 15. dxc5 a5 16. a3 Bd7 17. Nd4 Nxd4 18. Bxd4 axb4 19. axb4 Rxa1 20. Rxa1 {1-0 (33) Caruana,F (2779)-Ivanchuk,V (2731) Elancourt 2013}) 13... f5 14. exf6 $146 ({Predecessor:} 14. Nb2 b5 15. a4 bxa4 16. Nxa4 a5 17. Nc5 Nxc5 18. bxc5 Ba6 19. Kh1 Bb5 20. Rg1 {½-½ (69) Zontakh,A (2440)-Lembak,J (2290) Litomysl 1994}) 14... Nxf6 {The position is equal.} 15. Qc2 b6 16. Ne5 Bb7 17. Nb2 b5 18. a4 a6 19. Bf3 Bd6 20. Rae1 Ne7 (20... Ne4 $11) 21. a5 $14 Nf5 22. Nd1 Ne4 23. Bc1 {[%cal Rf3e4]} Qe7 24. g3 {[#]} (24. Bxe4 $14 dxe4 25. Nf2) 24... Rad8 ({Better is} 24... Nxc3 $1 $15 {[%mdl 512]} 25. Nxc3 (25. Qxc3 Bxb4) 25... Nxd4) 25. Bg4 Ba8 26. Nf2 (26. Bd2 $14) 26... Nxc3 $1 $11 27. Bxf5 exf5 28. Qxc3 Bxb4 29. Qb2 {Threatens to win with Nc6!} Bxe1 30. Rxe1 b4 31. Ned3 $1 Qc7 32. Nxb4 Qxa5 33. Bd2 Qb5 34. Qa1 a5 35. Nc2 a4 36. Nd1 Qb3 37. Nce3 Rb8 38. Nc3 {And now Rb1 would win.} Qb2 39. Qxb2 $1 Rxb2 40. Bc1 Rb3 41. Nxa4 Bc6 42. Nc5 Rb1 43. Kf2 g6 44. Nc2 Ra8 {Strongly threatening ...Ra2.} (44... Re8 {looks sharper.} 45. Be3 Rb2 46. Re2 Ra8 47. Bc1 Rb1) 45. Ba3 $1 Rxe1 (45... Rab8 {is more complex.} 46. Re6 Be8 47. Re7 Rd1 48. Na6 Rc8) 46. Kxe1 Kf7 47. Kd2 h6 48. h4 Kf6 49. Bb2 Rb8 50. Bc3 Rb1 (50... Ke7 $11 {keeps the balance.}) 51. Nb4 $16 Ba8 52. Nca6 $1 Rg1 53. Nc7 Bb7 54. Nbxd5+ Bxd5 55. Nxd5+ Kf7 56. Ne3 {aiming for d5.} Rxg3 {[#]} 57. d5 $1 g5 {[#]} 58. hxg5 ({But not} 58. Nxf5 $6 Rd3+ 59. Kc2 gxf4 $11) (58. Nxc4 $2 gxh4 59. Ne5+ Ke7 $19) (58. h5 $1 $16) 58... hxg5 $11 59. fxg5 Rxg5 (59... f4 $11 60. Nxc4 Rxg5) 60. Be5 $16 Ke7 $2 {[%mdl 8192]} (60... Rh5 $16 61. Nxc4 Rh7) 61. Bf4 Rh5 (61... Rg8 $142 62. Nxc4 (62. Nxf5+ Kd7 $16) 62... Rg1) 62. Nxc4 $18 Rh3 63. Ke2 $2 (63. Nb6 $18 {Hoping for d6+.} Kd8 64. Be5) 63... Rc3 $2 {[%mdl 8192]} (63... Rb3 $11) 64. Ne3 $2 ({White should play} 64. Nb6 $18 {Black must now prevent d6+.} Rc2+ 65. Ke3) 64... Kf6 $11 65. Bd6 Rb3 66. Kf3 {White wants to play Kf4.} Rd3 67. Bc7 Rd4 68. Bd8+ Ke5 69. Bc7+ Kf6 70. Bb6 Ra4 71. Bd8+ Ke5 72. Bc7+ Kf6 73. Bf4 Rd4 74. Bg3 Ra4 75. Bh2 Rd4 76. Bc7 Ra4 77. Bd6 Rd4 78. Bc7 Ra4 79. Ng2 Rc4 80. Bb8 Rb4 81. Bc7 Rc4 82. Bg3 Rd4 83. Ne3 Ra4 84. Bd6 Rd4 85. Ba3 {White wants to mate with Bb2.} Ra4 (85... Rd2 {is interesting.} 86. Bb4 Rd3 87. Ke2 Rb3 88. Bd6 Rb5) 86. Bb2+ Kg6 $1 87. Be5 Ra3 88. Ke2 Kf7 ({Black should try} 88... Ra4 $1 $14) 89. Nc4 ({Much worse is} 89. Nxf5 $6 Ra5 $11) 89... Ra4 $2 {[%mdl 8192]} (89... Rb3 $16 90. Kd2 Kg6) 90. Kd3 $18 Ra2 91. Kd4 (91. Bf4 $142 Ra1 92. Kd4) 91... Rf2 (91... Re2 $142 92. Bb8 Kf6) 92. Bg3 Rg2 93. Bf4 Re2 94. Kc5 Kf6 95. Be5+ Ke7 96. Bg3 Rc2 97. Kd4 Re2 98. Ne3 Rd2+ (98... Kf6 $142 99. Bh4+ Kf7 100. Nxf5 Rh2) 99. Ke5 Re2 100. Bf4 Kd7 101. Kxf5 Rd2 102. Ke5 (102. Ke4 $142 Re2 103. Ke5) 102... Re2 103. Kd4 Rf2 104. Be5 Rd2+ 105. Kc5 Re2 106. Nc4 Rc2 107. Bf4 Rc3 108. Kd4 (108. Bd2 $142 Rc2 109. Kb5 Kc7 110. Ba5+ Kc8 111. Nb6+ Kc7 112. Nc4+ Kd7 113. Bb4) 108... Rb3 109. Kc5 (109. Ne5+ $142 Ke7 110. Nd3) 109... Rc3 110. Kb4 (110. Bd2 $142 Rc2 111. Kb5) 110... Rh3 111. Nb6+ Ke7 112. Bc7 (112. Kc5 $142 Rd3 113. Bg5+ Ke8 114. d6) 112... Rh1 113. d6+ Ke6 114. d7 Rb1+ 115. Kc3 Rd1 116. d8=Q Rxd8 117. Bxd8 Kd6 118. Kd4 Kc6 119. Nc4 Kd7 120. Bg5 Kc6 121. Bf4 Kb7 122. Kd5 Ka7 123. Kc6 Ka8 124. Be3 Kb8 125. Nd6 Ka8 126. Nb5 Kb8 127. Nc7 Kc8 128. Ba7 Kd8 129. Nd5 {White mates.} Ke8 130. Kd6 Kf7 131. Ne7 Kf6 132. Be3 Kf7 133. Bg5 Ke8 134. Nc6 Kf7 135. Ne5+ Ke8 136. Ke6 Kf8 137. Kd7 Kg7 138. Ke7 Kg8 139. Bh6 Kh7 140. Bf8 Kg8 141. Ng4 Kh7 142. Kf7 Kh8 143. Bg7+ Kh7 144. Nf6# {Precision: White = 61%, Black = 40%.} 1-0

[Event "US-ch Open 2018"]
[Site "Saint Louis"]
[Date "2018.04.26"]
[Round "8"]
[White "Zherebukh, Yaroslav"]
[Black "Izoria, Zviad"]
[Result "1/2-1/2"]
[WhiteElo "2640"]
[BlackElo "2599"]
[Annotator "TA"]
[PlyCount "70"]
[EventDate "2018.??.??"]
[EventType "tourn"]
[EventCountry "USA"]
[SourceTitle "playchess.com"]
[Source "ChessBase"]
[SourceQuality "1"]

{[%evp 12,70,7,0,0,0,0,0,8,-42,-8,-4,0,-9,-15,-12,-6,-33,-29,-29,-12,-6,-4,-10,-9,-4,38,0,0,0,0,0,3,0,0,0,0,0,0,0,0,0,0,0,0,-8,0,-14,0,0,0,0,0,0,0,0,0,0,0,-6,-10]} 1. d4 Nf6 2. c4 e6 3. Nf3 a6 4. g3 b5 5. b3 Bb7 6. Bg2 {E10: Blumenfeld Gambit} c5 7. O-O {LiveBook: 5 Games} (7. d5 exd5 8. Nh4 Ne4 9. cxd5 Qf6 10. Bxe4 Qxa1 11. Qc2 d6 12. O-O {1-0 (56) Salem,A (2638)-Khismatullin,D (2632) Riadh 2017}) 7... cxd4 8. Qxd4 Nc6 {[%cal Bb8c6,Bc6e7,Be7g6][%mdl 32]} 9. Qf4 Ne7 10. Nc3 Ng6 11. Qd4 bxc4 12. bxc4 Rc8 13. Rb1 Bc5 $146 ({Predecessor:} 13... Rc7 14. e4 Bc5 {1-0 (112) Wuttke,H-Von Herman,U (2290) Germany 1995}) 14. Qd1 Bc6 15. Na4 Ba7 (15... Be7 {with more complications.} 16. Be3 O-O 17. Bb6 Qe8 18. Bd4 Rb8) 16. Nd2 Bxg2 17. Kxg2 O-O 18. Bb2 e5 19. e4 d6 {The position is equal.} 20. Nc3 Nd7 21. Nd5 Ne7 22. Ba3 Bc5 23. Qa4 Bxa3 24. Qxa3 Nc5 25. Rfe1 f5 26. Nxe7+ Qxe7 27. exf5 $1 Rxf5 28. Qe3 Rcf8 29. Rf1 Qc7 30. f3 Qc6 31. Ne4 Nxe4 32. Qxe4 Qxe4 33. fxe4 Rxf1 34. Rxf1 Rc8 35. Rc1 Kf7 {Precision: White = 73%, Black = 72%.} 1/2-1/2

[Event "US-ch Open 2018"]
[Site "Saint Louis"]
[Date "2018.04.26"]
[Round "8"]
[White "Liang, Awonder"]
[Black "Lenderman, Aleksandr"]
[Result "0-1"]
[WhiteElo "2552"]
[BlackElo "2599"]
[Annotator "TA"]
[PlyCount "80"]
[EventDate "2018.??.??"]
[EventType "tourn"]
[EventCountry "USA"]
[SourceTitle "playchess.com"]
[Source "ChessBase"]
[SourceQuality "1"]

{[%evp 21,80,12,12,26,39,39,16,11,14,15,22,16,16,0,8,0,0,-27,0,-27,-41,-63,0,0,-12,-7,0,-4,0,-5,0,-32,-29,-25,-25,-29,-46,-40,-18,-26,0,-7,-5,-37,-38,-36,-56,-40,-41,-142,-135,-485,-484,-555,-577,-707,-692,-619,-608,-595,-565]} 1. e4 e5 2. Nf3 Nf6 3. Nxe5 d6 4. Nf3 Nxe4 5. d4 d5 6. Bd3 Bd6 7. O-O O-O 8. c4 c6 9. Nc3 Nxc3 10. bxc3 dxc4 11. Bxc4 Bf5 12. Re1 {C42: Petroff Defence: 3 Nxe5 and unusual White 3rd moves} Nd7 {[%cal Bb8d7,Bd7b6,Bb6c4][%mdl 32]} 13. Bg5 Qa5 14. Nh4 {Threatening Be7.The position is equal.} (14. Qb3 b5 15. Bf1 Rfe8 16. c4 Be6 17. Qc2 bxc4 18. Bxc4 Bxc4 19. Qxc4 Qd5 {½-½ (30) Anand,V (2783)-Caruana,F (2807) Saint Louis 2017}) 14... Nb6 15. Bb3 {[#] And now c4 would win.} Bd7 16. Bd2 Rae8 17. Rxe8 $146 ({Predecessor:} 17. Qf3 Re7 18. g3 Rfe8 19. Ng2 Be6 {1-0 (36) Clair,M (2185)-Armand,L (1859) France AJEC 2002}) 17... Rxe8 18. Rb1 Qa6 19. Qh5 Nc4 (19... Nd5 {is more complex.} 20. Rd1 Qd3 21. Nf3 Be6 22. c4 Nf6) 20. Nf3 {[%cal Bh4f3,Bf3d2,Bd2e4][%mdl 32]} h6 21. h3 Be6 (21... b5 $1 $15) 22. Re1 $11 Qb5 23. Qh4 Nxd2 24. Nxd2 Qd3 25. Ne4 $1 {[%cal Re4d6]} Bc7 {White must now prevent ...Bxb3.} 26. f3 b6 27. Qf2 Kf8 28. Rd1 Qb5 29. Qb2 Bxb3 30. axb3 Kg8 31. c4 Qb4 32. d5 cxd5 33. cxd5 Be5 $36 {[%mdl 2048] Black fights for an advantage.} 34. Qc2 f5 {[%cal Bf7f5,Bf5e4][%mdl 32]} 35. Qc6 (35. Nf2 $15) 35... Kf8 $17 36. d6 $2 {[%mdl 8192]} (36. Nf2 $17) 36... fxe4 $19 {Black is clearly winning.} 37. d7 {[%csl Gc6][%cal Rd7e8] [#]} Rd8 38. Qe6 Qc5+ 39. Kh1 e3 {Hoping for ...e2.} 40. f4 Bf6 {Precision: White = 43%, Black = 79%.} 0-1